header

Rhetoric versus reality (Record no. 238627)

MARC details
000 -LEADER
fixed length control field 01528nam a2200397 a 4500
082 04 - DEWEY DECIMAL CLASSIFICATION NUMBER
Classification number 379.1/11
100 1# - MAIN ENTRY--AUTHOR NAME
Personal name Gill, Brian P.,
245 10 - TITLE STATEMENT
Title Rhetoric versus reality
260 ## - PUBLICATION, DISTRIBUTION, ETC. (IMPRINT)
Place of publication Santa Monica, Calif. :
Name of publisher RAND Education,
Year of publication 2001.
300 ## - PHYSICAL DESCRIPTION
Number of Pages xxv, 266 p. :
Other physical details ill.
650 #0 - SUBJECT ADDED ENTRY--TOPICAL TERM
Topical Term Educational vouchers.
Topical Term Charter schools.
Topical Term School choice.
Topical Term Educational vouchers
Topical Term Charter schools
Topical Term School choice
856 40 - ELECTRONIC LOCATION AND ACCESS
Uniform Resource Identifier http://site.ebrary.com/lib/rucke/Doc?id=10425067

No items available.

© 2026 Rongo University
Contact us: librarian | system librarian | Rongo university